000 00659nam a2200193Ii 4500
003 JO-AjNU
008 230605s9999||||xx |||||||||||||| ||und||
040 _aJO-AjNU
_bara
_erda
_cJO-AjNU
041 _aara
050 1 4 _aQD553.L412 1982
100 3 _aحقي، وفائي/ صلاح يحياوي واخرون ,
_eauthor
_940301
245 0 0 _aالتحريك الكيماوي: الديناميك الكيماوي
264 3 1 _aدمشق:مطبعة الجديدة ، 1989
300 _a256ص
336 _atext
_btxt
_2rdacontent
337 _aunmediated
_bn
_2rdamedia
338 _avolume
_bnc
_2rdacarrier
650 4 _aالتحريك الكيماوي
_940302
999 _aA17091
_c20659
_d20659